|
|
|
|
| LEADER |
00000nam0a2200000 4500 |
| 001 |
364041 |
| 005 |
20231102011641.0 |
| 035 |
|
|
|a (RuTPU)RU\TPU\retro\21399
|
| 090 |
|
|
|a 364041
|
| 100 |
|
|
|a 20211026d1981 k y0rusy50 ca
|
| 101 |
0 |
|
|a rus
|
| 102 |
|
|
|a RU
|
| 105 |
|
|
|a a z 101zy
|
| 200 |
1 |
|
|a Физика отказов
|e сборник материалов Первого всесоюзного совещания, Москва, 1975 г.
|f Академия наук СССР, Институт проблем управления им. В. А. Трапезникова ; отв. ред. И. Е. Декабрун
|
| 210 |
|
|
|a Москва
|c Наука
|d 1981
|
| 215 |
|
|
|a 164 с.
|c ил.
|
| 320 |
|
|
|a Библиография в конце статей
|
| 606 |
1 |
|
|a Надежность
|x Теория
|2 stltpush
|3 (RuTPU)RU\TPU\subj\44771
|9 64051
|
| 610 |
1 |
|
|a техника
|
| 610 |
1 |
|
|a элементы
|
| 610 |
1 |
|
|a отказы
|
| 610 |
1 |
|
|a анализ
|
| 610 |
1 |
|
|a методология
|
| 610 |
1 |
|
|a причины
|
| 610 |
1 |
|
|a подавление
|
| 610 |
1 |
|
|a диагностика
|
| 610 |
1 |
|
|a совещания
|
| 675 |
|
|
|a 62-192(063)
|v 4
|
| 702 |
|
1 |
|a Декабрун
|b И. Е.
|4 340
|
| 712 |
0 |
2 |
|a Академия наук СССР
|b Институт проблем управления им. В. А. Трапезникова
|c (Москва)
|2 stltpush
|3 (RuTPU)RU\TPU\col\6782
|9 24269
|
| 712 |
0 |
2 |
|a Физика отказов
|c совещание
|d 1
|e Москва
|f 1975
|
| 801 |
|
1 |
|a RU
|b 63413507
|c 20211026
|
| 942 |
|
|
|c BK
|